| 000 | 01293nam a2200289 a 4500 | ||
|---|---|---|---|
| 001 | 1664202 | ||
| 003 | OSt | ||
| 005 | 20201009100706.0 | ||
| 008 | 970918s1994 mx fr 001 0 spa | ||
| 010 | _a 97197294 | ||
| 020 | _a9683804616 | ||
| 040 |
_aDLC _cCO-JMCR |
||
| 041 | 0 | _aspa | |
| 082 |
_a361.7 / _bK293d _223 |
||
| 100 | 1 |
_aKelley, Daniel Q. _911368 |
|
| 245 | 1 | 0 |
_aDinero para su causa : _bcómo obtener fondos de empresas y de instituciones filantrópicas / _cDaniel Q. Kelley. |
| 250 | _aPrimera edición | ||
| 260 |
_aMéxico, D.F. : _bPanorama Editorial, _c1994. |
||
| 300 |
_a127 páginas ; _c22 cm. |
||
| 500 | _aIncludes index. | ||
| 505 | 0 | _aLa inke-kola y la ONG -- El mercado -- La organización -- La campaña -- La industria de la caridad -- Las fuentes internacionales -- Punto de vista de las fuentes internacionales -- Diseño del proyecto | |
| 520 | 0 | _aObtener fondos para organizaciones no lucrativas requiere de una metodología muy especial. Hasta ahora, las fuentes de información sobre estas técnicas eran muy limitadas en el idioma español. | |
| 650 | 2 | 4 |
_aOrganizaciones no gubernamentales _911369 |
| 650 | 2 | 4 |
_aOrganizaciones sin fines de lucro - Finanzas _911370 |
| 650 | 2 | 4 |
_aOrganizaciones benéficas - _xFinanzas _911371 |
| 942 |
_2ddc _cBK |
||
| 999 |
_c6903 _d6903 |
||